[Event "Banska Stiavnica V4 op"]
[Site "Banska Stiavnica"]
[Date "2018.07.08"]
[Round "2"]
[White "Slaby, Jozef"]
[Black "Balogh, Peter1"]
[Result "0-1"]
[WhiteElo "1731"]
[BlackElo "2097"]
[PlyCount "74"]
[EventDate "2018.07.07"]
[EventType "swiss"]
[EventRounds "9"]
[EventCountry "SVK"]
[SourceTitle "CBM 185 Extra"]
[Source "ChessBase"]
[SourceDate "2018.07.29"]
[SourceVersion "1"]
[SourceVersionDate "2018.07.29"]
[SourceQuality "1"]

1. Nf3 Nc6 2. c4 e5 3. d3 Nf6 4. g3 d5 5. cxd5 Nxd5 6. Bg2 Be7 7. 0-0 Nb6 8. b3 Bf6 9. e4 0-0 10. Na3 Bg4 11. h3 Be6 12. Qe2 Qd7 13. Kh2 Rfd8 14. Rd1 Nb4 15. Bb2 Nc6 16. Rac1 a5 17. Nc4 Bxc4 18. bxc4 Na4 19. Ba1 Qe7 20. Rb1 Nc5 21. a3 a4 22. Rb5 b6 23. Ne1 Nb3 24. Nc2 Nbd4 25. Bxd4 Nxd4 26. Nxd4 Rxd4 27. f4 Qxa3 28. fxe5 Be7 29. Rd5 Bc5 30. Qg4 Rf8 31. e6 fxe6 32. Qxe6+ Kh8 33. h4 Qb2 34. h5 h6 35. Kh3 Qe2 36. Rh1 Rxd3 37. Rxd3 Qxh5# 0-1

[Event "SVK-chT4 A21 1617"]
[Site "Slovakia"]
[Date "2017.03.12"]
[Round "11.1"]
[White "Slaby, Jozef"]
[Black "Nemeckay, Rastislav"]
[Result "1/2-1/2"]
[WhiteElo "1748"]
[BlackElo "1989"]
[PlyCount "86"]
[EventDate "2016.10.09"]
[EventType "team-tourn"]
[EventRounds "11"]
[EventCountry "SVK"]
[SourceTitle "EXT 2020"]
[Source "ChessBase"]
[SourceDate "2019.10.17"]
[SourceVersion "1"]
[SourceVersionDate "2019.10.17"]
[SourceQuality "1"]
[WhiteTeam "Chtelnica Kamenar"]
[BlackTeam "Stefanov"]
[WhiteTeamCountry "SVK"]
[BlackTeamCountry "SVK"]

1. Nf3 Nf6 2. c4 c6 3. e3 d5 4. b3 g6 5. Bb2 Bg7 6. d4 0-0 7. Be2 Ne4 8. 0-0 Nd7 9. Nbd2 Ndf6 10. Ne5 Nxd2 11. Qxd2 Ne4 12. Qe1 f6 13. Nd3 e6 14. Rc1 b6 15. cxd5 cxd5 16. Nb4 Bb7 17. Ba3 Rf7 18. f3 Nd6 19. Ba6 Bxa6 20. Nxa6 Nb5 21. Bb2 Bf8 22. Nb4 Rc7 23. Nd3 Rac8 24. Qd2 Rxc1 25. Rxc1 Rxc1+ 26. Qxc1 Qc7 27. Qxc7 Nxc7 28. a4 Kf7 29. Kf2 Ke8 30. g4 Bd6 31. h3 Kd7 32. Ke2 f5 33. Nf2 Kc6 34. Kd3 b5 35. axb5+ Kxb5 36. Kc2 Na6 37. Kc3 Bb4+ 38. Kc2 Nb8 39. Nd3 Bd6 40. gxf5 gxf5 41. Bc3 Nc6 42. Kb2 a6 43. Nf2 Nd8 1/2-1/2

[Event "SVK-chT4 A21 1516"]
[Site "Slovakia"]
[Date "2016.02.07"]
[Round "8.1"]
[White "Slaby, Jozef"]
[Black "Sefcik, Marek"]
[Result "0-1"]
[WhiteElo "1788"]
[BlackElo "2044"]
[PlyCount "76"]
[EventDate "2015.10.04"]
[EventType "team-tourn"]
[EventRounds "11"]
[EventCountry "SVK"]
[SourceTitle "EXT 2017"]
[Source "ChessBase"]
[SourceDate "2016.10.25"]
[SourceVersion "1"]
[SourceVersionDate "2016.10.25"]
[SourceQuality "1"]
[WhiteTeam "Chtelnica Kamenar"]
[BlackTeam "Holic"]
[WhiteTeamCountry "SVK"]
[BlackTeamCountry "SVK"]

1. Nf3 Nc6 2. c4 e5 3. d3 d5 4. cxd5 Qxd5 5. Nc3 Bb4 6. a3 Bxc3+ 7. bxc3 Bg4 8. Rb1 b6 9. Qa4 Bd7 10. Qc2 Nf6 11. g3 e4 12. dxe4 Nxe4 13. Bg2 Qc4 14. Bd2 Nxd2 15. Qxd2 0-0-0 16. Rc1 Rhe8 17. e3 Bg4 18. Qb2 Rd6 19. h3 Bf5 20. Nd4 Nxd4 21. cxd4 Qxd4 22. Qxd4 Rxd4 23. 0-0 Rd3 24. Ra1 c5 25. h4 Be4 26. Bh3+ Kc7 27. a4 Red8 28. f3 Bc6 29. e4 R8d4 30. Ra2 Bxa4 31. Bg4 a5 32. h5 Rd2 33. Rxd2 Rxd2 34. e5 Rd1 35. f4 Rxf1+ 36. Kxf1 Bb3 37. h6 gxh6 38. Bf5 a4 0-1

[Event "SVK-chT4 A21 1516"]
[Site "Slovakia"]
[Date "2015.10.04"]
[Round "1.2"]
[White "Slaby, Jozef"]
[Black "Podjavorinsky, Michal"]
[Result "0-1"]
[WhiteElo "1825"]
[BlackElo "1819"]
[PlyCount "62"]
[EventDate "2015.10.04"]
[EventType "team-tourn"]
[EventRounds "11"]
[EventCountry "SVK"]
[SourceTitle "CBM 170 Extra"]
[Source "ChessBase"]
[SourceDate "2016.02.25"]
[SourceVersion "1"]
[SourceVersionDate "2016.02.25"]
[SourceQuality "1"]
[WhiteTeam "Chtelnica Kamenar"]
[BlackTeam "Vrbove III"]
[WhiteTeamCountry "SVK"]
[BlackTeamCountry "SVK"]

1. d4 Nf6 2. c4 g6 3. Nc3 Bg7 4. e4 d6 5. f3 0-0 6. Be3 Nc6 7. a3 a6 8. Bd3 Rb8 9. Nge2 e5 10. d5 Ne7 11. 0-0 Ne8 12. Bg5 f6 13. Bh4 g5 14. Bf2 f5 15. exf5 Bxf5 16. Ng3 Bxd3 17. Qxd3 Nf6 18. Be3 h6 19. Rac1 Qe8 20. b4 Qg6 21. Qd2 g4 22. f4 Nh5 23. Nge4 exf4 24. Bxf4 Nxf4 25. Rxf4 Rxf4 26. Qxf4 Bd4+ 27. Kh1 Rf8 28. Qd2 Nf5 29. Qe2 Re8 30. Qc2 Ng3+ 31. Nxg3 Qxc2 0-1

[Event "Stara Lubovna op"]
[Site "Stara Lubovna"]
[Date "2014.04.11"]
[Round "6"]
[White "Slaby, Jozef"]
[Black "Bakalar, Jan"]
[Result "0-1"]
[WhiteElo "1870"]
[BlackElo "1967"]
[PlyCount "90"]
[EventDate "2014.04.06"]
[EventType "swiss"]
[EventRounds "7"]
[EventCountry "SVK"]
[SourceTitle "CBM 160 Extra"]
[Source "ChessBase"]
[SourceDate "2014.07.01"]
[SourceVersion "1"]
[SourceVersionDate "2014.07.01"]
[SourceQuality "1"]

1. c4 Nf6 2. Nc3 e6 3. Nf3 d5 4. cxd5 exd5 5. d4 c6 6. Bg5 Nbd7 7. e3 Qa5 8. Bd3 Ne4 9. Qc2 Nxg5 10. Nxg5 h6 11. Nf3 Bd6 12. 0-0 Nf6 13. a3 Qc7 14. h3 0-0 15. Rac1 a6 16. Rfe1 Be6 17. Nd2 Rad8 18. f4 c5 19. dxc5 Qxc5 20. Kh1 Qa7 21. Nf3 Bd7 22. Qd2 Rfe8 23. Bb1 Be6 24. Ne2 Ne4 25. Bxe4 dxe4 26. Nfd4 Bc8 27. Rc2 Bb8 28. Qc3 Qb6 29. Rec1 Bd7 30. Qe1 Qf6 31. Qf2 g5 32. f5 Qe5 33. g4 Bd6 34. Nc3 f6 35. Kg1 Kg7 36. Nce2 Rc8 37. Ne6+ Kh7 38. N2d4 Rxc2 39. Rxc2 Rc8 40. Rxc8 Bxc8 41. Kf1 a5 42. Kg1 b6 43. Nc6 Qd5 44. Ncd4 Ba6 45. Ne2 Qd1+ 0-1

[Event "SVK-chT4A21 1314"]
[Site "Slovakia"]
[Date "2014.03.30"]
[Round "11.1"]
[White "Orvisky, Vladimir"]
[Black "Slaby, Jozef"]
[Result "1-0"]
[WhiteElo "1817"]
[BlackElo "1874"]
[PlyCount "115"]
[EventDate "2013.10.06"]
[EventType "team-tourn"]
[EventRounds "11"]
[EventCountry "SVK"]
[SourceTitle "EXT 2022"]
[Source "ChessBase"]
[SourceDate "2021.10.06"]
[SourceVersion "1"]
[SourceVersionDate "2021.10.06"]
[SourceQuality "1"]
[WhiteTeam "Vrbove II"]
[BlackTeam "Chtelnica Kamenar"]
[WhiteTeamCountry "SVK"]
[BlackTeamCountry "SVK"]

1. c4 Nf6 2. Nc3 e6 3. e4 d6 4. d4 Nc6 5. Nf3 Be7 6. Be2 0-0 7. 0-0 b6 8. a3 Bb7 9. Qc2 Re8 10. Rd1 Qc8 11. b4 Bf8 12. Bd3 g6 13. Qe2 Bg7 14. Bd2 e5 15. dxe5 Nxe5 16. Nxe5 Rxe5 17. f3 Qd7 18. Bf4 Re7 19. Qd2 Rd8 20. Rac1 Qe8 21. Qc2 c6 22. Bf1 Red7 23. Qb3 h6 24. h3 Qe6 25. Rd2 d5 26. cxd5 cxd5 27. exd5 Nxd5 28. Bc4 g5 29. Nxd5 Bxd5 30. Bxd5 Rxd5 31. Rxd5 Qxd5 32. Qxd5 Rxd5 33. Rc8+ Kh7 34. Bb8 Rd3 35. Bxa7 Bd4+ 36. Kf1 Rxa3 37. Rc7 Kg7 38. Rb7 Bc3 39. Bxb6 Kg6 40. Bc5 Ra1+ 41. Ke2 Ra2+ 42. Kd3 Be5 43. g4 Rh2 44. Rb6+ Kh7 45. Bd6 Bxd6 46. Rxd6 Rxh3 47. Ke4 Rh1 48. b5 Rb1 49. b6 Kg7 50. Kd5 Rb3 51. Kc6 Rxf3 52. b7 Rb3 53. Kc7 f5 54. gxf5 g4 55. b8Q Rxb8 56. Kxb8 h5 57. Rg6+ Kh7 58. Kc7 1-0